Grass farming

Saved in:
Bibliographic Details
Main Authors: Cooper, M. McGregor (Author), Morris, D. W (Author)
Format: Book
Language:English
Published: Ipswich Farming Press 1977
Edition:4a. ed
Subjects:
Tags: Add Tag
No Tags, Be the first to tag this record!

MARC

LEADER 00000nam a2200000 a 4500
001 UCQ0134
003 CL-VaPUC
008 980619e19770000UK |||||||||||||||||eng|d
082 0 4 |a 633.2  |b COO  |2 21 
100 |a Cooper, M. McGregor  |e author  |9 413167 
700 0 |a Morris, D. W  |e author  |9 413168 
245 1 0 |a Grass farming 
250 |a 4a. ed 
300 |a 252 p 
942 |c BK 
945 |d 19980619 00:00:00  |a mvenant 
260 |a Ipswich  |b Farming Press  |c 1977 
650 7 |a PASTOS  |2 CL-VaPUC  |9 264233 
650 7 |a PASTOREO  |2 CL-VaPUC  |9 413169 
650 7 |a ENSILAJE  |2 CL-VaPUC  |9 264452 
650 7 |a FORRAJES  |2 CL-VaPUC  |9 394588 
650 7 |a PRADERAS  |2 CL-VaPUC  |9 264231 
650 7 |a PLANTAS FORRAJERAS  |2 CL-VaPUC  |9 264229 
583 |a last modification  |c 19980619 00:00:00  |k Rodrigo Vera 
999 |c 271283  |d 271281